000 00544nam a22001817a 4500
003 OSt
005 20260422015102.0
008 260422b |||||||| |||| 00| 0 eng d
020 _a971-501-544-1
040 _aDWCL-Main lib
_cOC
082 _aCirc. 226.2 H384k 1992
100 _aHendrickx, Herman
245 _aA key to the gosple of Matthew/
_cHendrickx, Herman
260 _aQuezon City:
_bClaretian publications ;
_cc1992.
300 _av, 58 p. :
_c21 cm.
504 _ainclude bibliographical note
942 _2ddc
_cBK-CIRC
_hCirc.
_n0
999 _c9644
_d9644